50 Biggest Cities of Canada in 1871 with a Map - Statistics

General Stats
  • This quiz has been taken 1,167 times
  • The average score is 19 of 50
Answers on the Map
Answers color-coded by a green-red scale on the quiz's map according to % correct below.
 
Answer Stats
Population Cities % Correct
56,092 Toronto
98%
107,225 Montreal
97%
21,545 Ottawa
95%
59,699 Quebec City
95%
29,582 Halifax
87%
15,826 London
78%
26,716 Hamilton
73%
4,408 Saint-Jean-Baptiste
73%
3,022 Saint-Jean-sur-Richelieu
73%
28,805 Saint John
73%
4,253 Windsor
70%
6,006 Fredericton
55%
3,270 Victoria
55%
12,407 Kingston
53%
7,570 Trois-Rivières
53%
2,743 Berlin
51%
4,432 Sherbrooke
45%
7,864 St. Catharines
43%
3,185 Oshawa
41%
6,878 Guelph
39%
3,398 Barrie
38%
2,929 Sarnia
37%
4,611 Peterborough
33%
3,000 Chatham
30%
6,691 Lévis
29%
5,873 Chatham
28%
7,305 Belleville
25%
8,107 Brantford
25%
3,369 Owen Sound
22%
4,696 Yarmouth
21%
2,732 Whitby
18%
4,313 Stratford
17%
5,102 Brockville
16%
3,982 Woodstock
16%
4,442 Cobourg
14%
3,746 Saint-Hyacinthe
14%
2,829 Collingwood
13%
3,954 Goderich
13%
5,114 Port Hope
12%
5,636 Sorel
12%
3,034 Bowmanville
11%
3,047 Joliette
11%
2,967 Napanee
11%
3,135 Dundas
10%
3,120 St. Marys
10%
4,022 Ingersoll
9%
4,049 Lindsay
9%
3,232 Strathroy
9%
3,827 Galt
6%
12,520 Portland
3%
No matching quizzes found
Score Distribution
Percent of People with Each Score
Percentile by Number Answered
Your Score History
You have not taken this quiz